Statistics for US Presidents and their Vice Presidents

Click here to take the quiz!

General Stats

  • This quiz has been taken 2,857 times
  • The average score is 69 of 92

Answer Stats

Term President % Correct
1789-1797George Washington
98%
1989-1993George H.W. Bush
98%
George Clinton
98%
George H. W. Bush
98%
2001-2009George W. Bush
98%
2017-Donald Trump
97%
2009-2017Barack Obama
97%
1993-2001Bill Clinton
97%
1969-1974Richard Nixon
96%
1797-1801John Adams
95%
1861-1865Abraham Lincoln
95%
1933-1945Franklin D. Roosevelt
95%
1981-1989Ronald Reagan
95%
1901-1909Theodore Roosevelt
95%
1825-1829John Quincy Adams
95%
1801-1809Thomas Jefferson
94%
Richard Johnson
94%
1961-1963John F. Kennedy
94%
1963-1969Lyndon B. Johnson
94%
Mike Pence
93%
1865-1869Andrew Johnson
93%
1953-1961Dwight D. Eisenhower
92%
1974-1977Gerald R. Ford
92%
1977-1981Jimmy Carter
92%
Gerald Ford
92%
1945-1953Harry Truman
91%
Joe Biden
90%
Henry Wilson
89%
1817-1825James Monroe
88%
1913-1921Woodrow Wilson
88%
1929-1933Herbert Hoover
88%
1809-1817James Madison
88%
1829-1837Andrew Jackson
87%
1869-1877Ulysses S. Grant
86%
1909-1913William Taft
85%
1923-1929Calvin Coolidge
85%
1841-1845John Tyler
84%
1841William Henry Harrison
84%
1889-1893Benjamin Harrison
84%
1849-1850Zachary Taylor
84%
1837-1841Martin Van Buren
83%
1897-1901William McKinley
83%
1885-1889, 1893-189Grover Cleveland
83%
1921-1923Warren Harding
82%
Al Gore
82%
Dick Cheney
81%
1881James Garfield
81%
1857-1861James Buchanan
81%
1850-1853Millard Fillmore
81%
1845-1849James K. Polk
80%
1881-1885Chester A. Arthur
80%
1877-1881Rutherford B. Hayes
78%
1853-1857Franklin Pierce
78%
Spiro Agnew
69%
Dan Quayle
68%
Walter Mondale
64%
Aaron Burr
60%
Nelson Rockefeller
59%
Hubert Humphrey
55%
John C. Calhoun
47%
Hannibal Hamlin
45%
Adlai E. Stevenson
44%
Henry A. Wallace
42%
John C. Breckinridge
40%
John Nance Garner
38%
Schuyler Colfax
38%
Elbridge Gerry
38%
William R. King
36%
Charles Dawes
36%
Alben Barkley
35%
Thomas R. Marshall
35%
Charles W. Fairbanks
34%
Levi P. Morton
33%
George M. Dallas
33%
Daniel D. Tompkins
33%
Charles Curtis
32%
William A. Wheeler
32%
Garret Hobart
30%
James S. Sherman
30%
Thomas A. Hendricks
28%

Score Distribution

Percentile by Number Answered

Percent of People with Each Score

Your Score History

You have not taken this quiz